Mitigating the emission of green house gases during ribbed smoked sheet processing (Record no. 63001)

MARC details
000 -LEADER
fixed length control field 00606nam a2200157Ia 4500
100 ## - MAIN ENTRY--AUTHOR NAME
Personal name Mathew J.
245 #0 - TITLE STATEMENT
Title Mitigating the emission of green house gases during ribbed smoked sheet processing
260 ## - PUBLICATION, DISTRIBUTION, ETC. (IMPRINT)
Name of publisher International Workshop on Climate Change and Rubber Cultivation: R & D Priorities, 28-30 July 2010, Rubber Research Institute of India, Kottayam, Kerala, pp. 109-111.
Year of publication 2010
650 ## - SUBJECT ADDED ENTRY--TOPICAL TERM
Topical Term Biogas utiization
650 ## - SUBJECT ADDED ENTRY--TOPICAL TERM
Topical Term Biomethanation
650 ## - SUBJECT ADDED ENTRY--TOPICAL TERM
Topical Term Efluent treatment system
650 ## - SUBJECT ADDED ENTRY--TOPICAL TERM
Topical Term Sheet processing
700 ## - ADDED ENTRY--PERSONAL NAME
Personal name Harish M.
942 ## - ADDED ENTRY ELEMENTS (KOHA)
Koha item type Journals
Holdings
Withdrawn status Lost status Damaged status Not for loan Home library Current library Shelving location Date acquired Koha item type
      Journals RRII Library RRII Library Climate change 17/12/2021 Journals